Focus : An ESL grammar /

সংরক্ষণ করুন:
গ্রন্থ-পঞ্জীর বিবরন
প্রধান লেখক: Robinson, Barbara.
বিন্যাস: Sách giấy
ভাষা:English
প্রকাশিত: New York : St. Martin's Press, 1989.
বিষয়গুলি:
ট্যাগগুলো: ট্যাগ যুক্ত করুন
কোনো ট্যাগ নেই, প্রথমজন হিসাবে ট্যাগ করুন!
Thư viện lưu trữ: Thư viện Trường Đại học Đà Lạt
LEADER 00692nam a2200301 4500
001 DLU110120982
005 ##20110510
040 # # |a DLU  |b vie 
041 # # |a eng 
044 # # |a vn 
082 # # |a 428.2  |b RO-B 
100 # # |a Robinson, Barbara. 
245 # # |a Focus :  |b An ESL grammar /  |c Barbara Robinson. 
260 # # |a New York :  |b  St. Martin's Press,  |c 1989. 
300 # # |a 151 p. ;  |c 28 cm. 
653 # # |a Academic writing 
653 # # |a English language 
923 # # |a 01/2011NN 
991 # # |a GT 
992 # # |a 0 
994 # # |a KNN 
900 # # |a True 
911 # # |a Nguyễn Thanh Hương 
925 # # |a G 
926 # # |a A 
927 # # |a SH 
980 # # |a Thư viện Trường Đại học Đà Lạt